EBU Members - Statistics

General Stats
  • This quiz has been taken 11 times
  • The average score is 45 of 54
Answer Stats
Answer % Correct
Andorra
100%
Denmark
100%
Estonia
100%
Finland
100%
France
100%
Iceland
100%
Israel
100%
Latvia
100%
Lithuania
100%
Norway
100%
Portugal
100%
Spain
100%
Sweden
100%
Albania
86%
Armenia
86%
Austria
86%
Azerbaijan
86%
Belgium
86%
Croatia
86%
Czechia
86%
Germany
86%
Hungary
86%
Ireland
86%
Italy
86%
Luxembourg
86%
Monaco
86%
Netherlands
86%
Poland
86%
San Marino
86%
Slovakia
86%
Slovenia
86%
Switzerland
86%
Turkey
86%
Ukraine
86%
United Kingdom
86%
Vatican City
86%
Algeria
71%
Bosnia and Herzegovina
71%
Bulgaria
71%
Egypt
71%
Georgia
71%
Greece
71%
Jordan
71%
Lebanon
71%
Libya
71%
Malta
71%
Montenegro
71%
Morocco
71%
North Macedonia
71%
Romania
71%
Serbia
71%
Tunisia
71%
Cyprus
57%
Moldova
57%
No matching quizzes found
Score Distribution
Percent of People with Each Score
Percentile by Number Answered
Your Score History
You have not taken this quiz